[Event "2nd Irena Warakomska Memorial-A"]
[Site "Suwalki"]
[Date "2018.08.02"]
[Round "2"]
[White "Roy, Prantik"]
[Black "Markowski, Tomasz"]
[Result "1-0"]
[WhiteElo "2377"]
[BlackElo "2562"]
[Annotator "TA"]
[PlyCount "55"]
[EventDate "2018.08.01"]
[EventType "swiss"]
[EventCountry "POL"]
[SourceTitle "playchess.com"]
[Source "ChessBase"]
[SourceQuality "1"]

{[%evp 12,55,0,0,24,27,28,9,25,10,26,14,25,10,48,53,89,26,27,22,14,3,35,0,0,0,97,93,89,97,136,26,28,18,14,12,45,46,1076,1066,787,460,1214,1212,29990,3061]} 1. d4 Nf6 2. Bg5 e6 3. e4 {[%cal Be2e4,Be4e5][%mdl 32]} h6 4. Bxf6 Qxf6 5. Nf3 d6 6. e5 Qd8 7. Bd3 {LiveBook: 15 Games. A46: 1 d4 Nf6 2 Nf3 e6: Torre, London and Colle Systems} b6 8. Qe2 Bb7 9. Nbd2 {White has an edge.} Nd7 10. O-O-O Be7 11. h4 d5 12. Kb1 a6 $146 ({Predecessor:} 12... c5 13. c4 cxd4 14. cxd5 Bxd5 15. Be4 Nc5 16. Qb5+ {0-1 (52) Bellon Lopez,J (2401)-Del Rio de Angelis,S (2487) Las Palmas 2005}) 13. c4 c6 14. h5 (14. cxd5 $16 cxd5 15. Rc1) 14... dxc4 $11 15. Nxc4 b5 16. Ne3 Qc7 17. Rc1 c5 18. dxc5 Rc8 {[#]} (18... Bc6 $11 {keeps the balance.}) 19. c6 $1 $16 {[%cal Rc6b7]} Bxc6 {[#]} 20. Nd4 $1 Nxe5 {White must now prevent ...Qd6.} 21. Ng4 (21. Nxc6 $16 Nxc6 22. Be4) 21... Nc4 $1 $11 22. Nxc6 Qxc6 23. Ne5 $36 {[%mdl 2048] White is more active.} Qb7 {[#]} 24. Nxf7 $1 {[%mdl 512]} Kxf7 $4 {[%mdl 8192]} (24... O-O $14 25. Nxh6+ (25. Bxc4 Rxc4 26. Rxc4 bxc4 $15) 25... gxh6) 25. Bg6+ $18 Kf6 26. Rhe1 Qd5 (26... Na3+ $142 27. bxa3 Rxc1+ 28. Rxc1 Rc8) 27. Rcd1 Qc6 28. Be4 {Precision: White = 62%, Black = 38%.} (28. Qg4 $142 Nd2+ 29. Rxd2 Qc1+ 30. Rxc1 Rxc1+ 31. Kxc1 Rc8+ 32. Kb1 Rc4 33. f4) 1-0

[Event "2nd Irena Warakomska Memorial-A"]
[Site "Suwalki"]
[Date "2018.08.02"]
[Round "2"]
[White "Lewtak, Damian"]
[Black "Tarun, V Kanth"]
[Result "1-0"]
[WhiteElo "2369"]
[BlackElo "2102"]
[Annotator "NA"]
[PlyCount "115"]
[EventDate "2018.08.01"]
[EventType "swiss"]
[EventCountry "POL"]
[SourceTitle "playchess.com"]
[Source "ChessBase"]
[SourceQuality "1"]
[TimeControl "40/5400+30:1800+30"]

1. d4 {[%emt 0:00:00]} Nf6 {[%emt 0:00:00]} 2. Bf4 {[%emt 0:00:00]} c5 {[%emt 0:00:18]} 3. d5 {[%emt 0:00:20] A45: Trompowsky Attack} (3. e3 e6 4. Nd2 d5 5. Ngf3 Nc6 6. c3 Be7 7. h3 Bd6 8. dxc5 Bxc5 9. Bd3 O-O 10. O-O Bd6 11. Bxd6 Qxd6 12. e4 Rd8 13. Bc2 dxe4 14. Nxe4 Qe7 15. Qe2 {1-0 (67) So,W (2778)-Caruana,F (2816) Paris 2018}) 3... d6 {[%emt 0:01:08]} 4. Nc3 {[%emt 0:03:42]} g6 {[%emt 0:01:43]} 5. Nf3 {[%emt 0:02:24]} Bg7 6. g3 {[%emt 0:06:34]} a6 $146 {[%emt 0:05:21]} ({Predecessor:} 6... Qa5 7. Bd2 b5 8. Ne4 b4 9. Nxf6+ Bxf6 10. a3 Bxb2 11. Ra2 Bc3 12. Bxc3 bxc3 {0-1 (30) Cupaban Bautista,S-De Arco,L Bucaramanga 2008}) 7. a4 {[%emt 0:06:52]} O-O {[%emt 0:04:16]} 8. Bg2 {[%emt 0:00:44]} Nh5 {[%emt 0:01:46]} 9. Be3 e5 {[%emt 0:19:02]} 10. dxe6 {[%emt 0:05:32]} fxe6 11. Ne4 {[%emt 0:06:26]} d5 {[%emt 0:26:10]} 12. Nxc5 {[%emt 0:01:27]} Bxb2 {[%emt 0:00:39]} 13. Rb1 Bc3+ {[%emt 0:06:21]} 14. Bd2 {[%emt 0:03:05]} Bxd2+ {[%emt 0:00:10]} 15. Qxd2 Qc7 {[%emt 0:02:20]} 16. Qb4 {[%emt 0:07:14]} b5 17. Nd4 {[%emt 0:19:07]} Ng7 {[%emt 0:13:16]} 18. O-O {[%emt 0:05:37]} Nc6 {[%emt 0:07:47]} 19. Nxc6 {[%emt 0:00:34]} Qxc6 {[%emt 0:00:03]} 20. axb5 {[%emt 0:00:35]} axb5 21. Qxb5 {[%emt 0:00:09]} Qxb5 {[%emt 0:00:57]} 22. Rxb5 {[%emt 0:00:09]} Ba6 {[%emt 0:00:03]} 23. Nxa6 {[%emt 0:01:54]} Rxa6 {[%emt 0:00:01]} 24. Rc5 {[%emt 0:00:08]} Ra4 {[%emt 0:02:49]} 25. e4 {[%emt 0:03:27]} dxe4 {[%emt 0:00:11]} 26. Re1 e3 {[%emt 0:05:19]} 27. Rxe3 {[%emt 0:03:17]} Ra1+ {[%emt 0:00:55]} 28. Bf1 {[%emt 0:00:07]} Nf5 {[%emt 0:00:29]} 29. Re4 {[%emt 0:02:32]} Rd1 {[%emt 0:02:31]} 30. c3 {[%emt 0:05:17]} Rb8 31. Kg2 {[%emt 0:01:34]} Rb2 {[%emt 0:00:40]} 32. Bc4 {[%emt 0:02:21]} Rdd2 {[%emt 0:00:26]} 33. Bxe6+ {[%emt 0:06:19]} Kg7 {[%emt 0:00:38] [#]} 34. Rxf5 $14 {[%emt 0:00:46]} (34. Rc7+ $1 $16 Kh6 35. Rf4 Ne3+ 36. Kf3) 34... gxf5 {[%emt 0:00:15]} 35. Rf4 Rbc2 {[%emt 0:01:05]} 36. c4 {[%emt 0:01:25]} Rd6 {[%emt 0:00:40]} 37. Bxf5 {[%emt 0:00:29]} Rc3 {[%emt 0:00:24]} 38. Rg4+ Kf6 {[%emt 0:00:45]} 39. Bxh7 {[%emt 0:01:13]} Rd2 {[%emt 0:00:15]} 40. h4 {[%emt 0:00:00]} Ra3 {[%emt 0:00:00]} 41. Bg8 {[%emt 0:02:41]} Raa2 {[%emt 0:02:11]} 42. Rf4+ Kg7 43. Bd5 {[%emt 0:01:16]} Ra1 {[%emt 0:00:27]} 44. g4 {[%emt 0:02:27]} Rdd1 {[%emt 0:00:21]} 45. g5 {[%emt 0:02:04]} Rh1 46. Kf3 {[%emt 0:01:42]} Rhg1 {[%emt 0:01:15]} 47. Ke4 {[%emt 0:01:08]} Rae1+ 48. Kd4 {[%emt 0:01:11]} Re8 {[%emt 0:00:53]} 49. Kc5 {[%emt 0:01:01]} Rc8+ {[%emt 0:00:11]} 50. Kd6 {[%emt 0:00:34]} Rc1 {[%emt 0:01:00]} 51. h5 {[%emt 0:01:05]} Rd8+ 52. Ke7 {[%emt 0:00:07]} Rc8 {[%emt 0:00:51]} 53. Rf7+ {[%emt 0:00:44]} Kh8 {[%emt 0:00:01]} 54. g6 {[%emt 0:02:02]} Rc7+ 55. Kd6 {[%emt 0:00:08]} Rxf7 {[%emt 0:01:14]} 56. gxf7 {[%emt 0:00:08]} Kg7 {[%emt 0:00:10]} 57. h6+ {[%emt 0:00:07]} Kf8 {[%emt 0:00:19]} 58. h7 {[%emt 0:00:09]} 1-0

[Event "2nd Irena Warakomska Memorial-A"]
[Site "Suwalki"]
[Date "2018.08.02"]
[Round "2"]
[White "Oglaza, Oskar"]
[Black "Czarnota, Pawel"]
[Result "0-1"]
[WhiteElo "2364"]
[BlackElo "2548"]
[Annotator "TA"]
[PlyCount "84"]
[EventDate "2018.08.01"]
[EventType "swiss"]
[EventCountry "POL"]
[SourceTitle "playchess.com"]
[Source "ChessBase"]
[SourceQuality "1"]

{[%evp 17,84,42,40,-16,-16,-16,-16,-16,-16,-15,4,4,8,1,1,-9,-2,-15,-12,-18,-19,-10,-7,-16,-11,-24,-21,-28,-29,-21,-16,-31,-27,-27,-27,-27,-19,-78,-76,-78,-78,-97,-82,-95,-108,-117,-118,-126,-123,-256,-231,-249,-249,-237,-215,-249,-245,-495,-486,-901,-895,-879,-620,-783,-773,-756,-758,-828,-817]} 1. Nf3 Nf6 2. g3 g6 3. b3 Bg7 4. Bb2 O-O 5. Bg2 d6 6. d4 e5 7. dxe5 Nfd7 8. O-O dxe5 9. e4 Nc6 {LiveBook: 19 Games} 10. c4 {A49: 1 d4 Nf6 2 Nf3 g6 3 g3: Anti-King's Indian systems} (10. Qe2 $14) (10. Nc3 Re8 11. Re1 b6 12. Bh3 Nc5 13. Bxc8 Rxc8 14. Ba3 Ne6 15. Nd5 Bf8 16. Bxf8 Rxf8 17. c3 f6 18. Qe2 {1-0 (64) Drazic,S (2439)-Damljanovic,B (2564) Petrovac 2015}) 10... Nc5 $11 11. Nc3 Bg4 $146 ({Predecessor:} 11... Nd4 12. Ba3 b6 13. Bxc5 bxc5 14. Ne1 {0-1 (40) Romczik,D (2180)-Dahlmann,D Ruhrgebiet 1996}) 12. Ba3 {The position is equal.} b6 13. h3 {[#] Threatens to win with Qxd8.} Qxd1 14. Raxd1 Bxf3 $1 15. Bxf3 Nd4 16. Bxc5 bxc5 17. Bg2 Rfd8 18. Kh1 c6 19. Rd3 h5 20. h4 Bf6 21. Bh3 Kg7 22. Kg2 Be7 23. Rfd1 Rf8 24. Re3 Rad8 25. Kf1 Bd6 26. Ne2 a5 {[%cal Ba7a5,Ba5a4][%mdl 32]} 27. Nxd4 (27. Red3 $11 {keeps the balance.}) 27... cxd4 $17 28. Red3 Bb4 29. f4 c5 {White must now prevent ...f5.} 30. f5 {[#]} a4 $1 {[%mdl 512]} 31. g4 (31. bxa4 Ra8) 31... hxg4 32. Bxg4 Rh8 33. Kg2 (33. Rh3 $17 {might work better.}) 33... axb3 34. axb3 Rxh4 35. Kg3 Rh6 36. Ra1 Rd6 37. Ra7 $2 (37. Rg1) 37... Be1+ $19 {Black is clearly winning.} 38. Kf3 (38. Kg2 $142 Rh4 39. f6+ Rxf6 40. Bf3) 38... Rh2 {( -> ...Bh4)} 39. Rd1 Rf2+ 40. Kg3 Ra2+ 41. Rxe1 Rxa7 42. fxg6 fxg6 {Precision: White = 35%, Black = 96%.} 0-1

[Event "2nd Irena Warakomska Memorial-A"]
[Site "Suwalki"]
[Date "2018.08.02"]
[Round "2"]
[White "Teclaf, Pawel"]
[Black "Vetoshko, Volodymyr"]
[Result "1-0"]
[WhiteElo "2362"]
[BlackElo "2525"]
[Annotator "TA"]
[PlyCount "57"]
[EventDate "2018.08.01"]
[EventType "swiss"]
[EventCountry "POL"]
[SourceTitle "playchess.com"]
[Source "ChessBase"]
[SourceQuality "1"]

{[%evp 20,57,54,57,89,87,77,70,134,48,73,51,119,110,181,121,127,140,145,143,164,102,184,179,241,205,226,243,568,605,763,739,850,814,1567,1588,2297,2270,1874,1397]} 1. e4 c5 2. Nf3 e6 3. d4 cxd4 4. Nxd4 a6 5. Nc3 b5 6. Bd3 Qb6 7. Nf3 Qc7 8. O-O Bb7 {B43: Sizilianisch (Paulsen-Variante)} 9. Re1 Be7 10. e5 (10. Qd2 Nf6 11. Qg5 Kf8 12. Bf4 Qd8 13. e5 Nd5 14. Qg3 Nxf4 15. Qxf4 Bxf3 16. Qxf3 {½-½ (29) Grischuk,A (2772)-Khismatullin,D (2632) Riadh 2017}) 10... f5 11. Nd4 {LiveBook: 14 Partien} b4 12. Na4 Nc6 13. c3 Qa5 $146 (13... bxc3 $14 14. bxc3 Nxe5) ({Vorgänger:} 13... Rb8 14. Bd2 bxc3 15. Bxc3 Nh6 16. Qh5+ {½-½ (42) Potrata,J (2296)-Orlovtsev,A (2229) ICCF email 2015}) 14. Bf4 ({Lieber} 14. Nxf5 $16 exf5 15. Bxf5) 14... Nh6 15. a3 bxa3 (15... bxc3 $14 16. Nxc6 (16. bxc3 Nxd4 17. cxd4 O-O $14) 16... Bxc6 17. Nxc3 O-O) 16. b4 $1 $16 {[%cal Rb4a5]} Qc7 (16... Nxb4 $16 17. cxb4 Bxb4) 17. Bxh6 ({Schlechter ist} 17. Rxa3 Nxd4 18. cxd4 Bxb4 $15) (17. Qh5+ $1 $18 Kf8 18. Nc5 (18. Bxh6 Nxd4 19. Nc5 Bxc5 $11) 18... Bxc5 19. bxc5) 17... gxh6 18. Qh5+ Kd8 {[#] Weiss muss nun ...Sxd4 beachten.} 19. Nf3 $1 $36 {[%mdl 2048] Läuft bei Weiss.} Na7 20. Rxa3 ({Günstiger ist} 20. Be2 $18) 20... Nb5 {[#]} (20... Rg8 $16 {war einen Versuch wert.}) 21. Raa1 $1 $18 Qc6 (21... Rg8 $142) 22. Bf1 ({Bloß nicht} 22. Qxh6 $6 Kc7) 22... Rg8 {Und weiter mit ...Dxf3 wäre nett.} 23. Qf7 Rg4 $2 (23... Kc7 24. Re3 (24. Qxe7 Qxf3 25. Kh1 Rxg2 $17) 24... Rae8) 24. Re3 {Weiß steht klar auf Gewinn.} a5 25. h3 Re4 26. c4 Nd4 27. b5 Qc8 28. Nxd4 Rxd4 29. Rg3 {Precision: Weiß = 81%, Schwarz = 11%.} 1-0

[Event "2nd Irena Warakomska Memorial-A"]
[Site "Suwalki"]
[Date "2018.08.02"]
[Round "2"]
[White "Punin, Andrii"]
[Black "Harshini, A."]
[Result "1/2-1/2"]
[WhiteElo "2339"]
[BlackElo "2124"]
[Annotator "TA"]
[PlyCount "141"]
[EventDate "2018.08.01"]
[EventType "swiss"]
[EventCountry "POL"]
[SourceTitle "playchess.com"]
[Source "ChessBase"]
[SourceQuality "1"]

{[%evp 21,141,73,87,69,71,70,104,96,97,95,93,77,75,64,68,1,2,0,0,0,0,0,6,0,0,0,0,0,18,9,13,10,4,18,6,0,4,0,0,0,0,0,31,0,0,0,16,0,0,0,0,-5,10,17,7,0,28,31,38,32,26,0,0,0,0,0,0,0,0,-9,0,-11,22,0,0,0,72,0,0,0,0,0,13,8,10,0,0,0,0,0,0,0,0,0,14,0,0,0,0,0,4,16,1660,1613,4722,4718,29967,29963,5691,0,0,0,0,0,0,0,0,0,0,0,0,0]} 1. Nf3 Nf6 2. c4 g6 3. Nc3 d5 4. cxd5 Nxd5 5. e4 Nb6 6. d4 Bg7 7. h3 O-O 8. Be2 c6 9. O-O Be6 10. Bf4 {D70: Grünfeld: Unusual White 3rd moves (met by ...d5)} Bc4 (10... f6 11. Qc2 a5 12. Rad1 N8d7 13. d5 cxd5 14. exd5 Bf7 15. Nd4 Ne5 16. Ne6 Bxe6 17. dxe6 Qc8 {1-0 (28) Babula,V (2583)-Potapov,P (2460) Pardubice 2013}) 11. Bxc4 Nxc4 {LiveBook: 3 Games} 12. Qe2 {White is better.} Nb6 13. Rfd1 Na6 14. Rac1 e6 $146 ({Predecessor:} 14... Rc8 15. a3 Qd7 16. Be5 Rfd8 17. Bxg7 Kxg7 18. b3 Qe6 {1-0 (61) Raisa,U-Blau,M Varna 1962}) 15. h4 h6 16. b3 Qe7 17. Bg3 f6 18. e5 (18. Qe3 $14) 18... f5 $1 $11 19. Bf4 Nc7 20. g3 Ncd5 21. Nxd5 Nxd5 22. Bd2 Qf7 23. Kg2 f4 24. g4 Rad8 25. Qe4 Rd7 26. a4 Rfd8 27. b4 a6 28. Ra1 Bf8 29. Rdb1 Be7 30. Rb3 Kg7 31. Rh1 Qf8 32. Qb1 Qf7 33. Qe4 Qf8 34. Rhb1 Qf7 35. Kh3 Rh8 36. Rg1 h5 37. g5 Rf8 38. Kg2 Qf5 (38... Bd8 {feels hotter.} 39. Rc1 Kg8 40. Qb1 Nc7 41. Qe4 Nd5) 39. Qxf5 Rxf5 40. Rc1 Rf8 41. Kf1 Bd8 42. Ke2 Ne7 43. Kd3 Bb6 44. Ke4 Rfd8 {[%cal Rd7d4] [#] Threatens to win with ...Rxd4+.} 45. Rd3 Nd5 46. Rb1 Rf8 47. Ne1 Ne7 48. b5 cxb5 (48... axb5 $11 49. axb5 Rfd8 50. bxc6 Rxd4+ 51. Rxd4 Rxd4+ 52. Kf3 Rxd2 53. Rxb6 bxc6) 49. axb5 (49. Bb4 $16) 49... a5 50. Ra1 Rfd8 {[%cal Rd7d4]} 51. Nf3 Rd5 52. Bxa5 Rxb5 53. Bxb6 (53. Bd2 {is interesting.} Nd5 54. Ng1 f3 55. Kxf3 Nb4 56. Rb1) 53... Rxb6 54. Kxf4 Rf8+ 55. Kg3 $1 Nf5+ 56. Kg2 Rb4 57. Rc1 Rf7 58. d5 exd5 59. Rxd5 Rg4+ 60. Kf1 Nxh4 61. Nd4 {Black must now prevent e6.} Nf3 $2 {[%mdl 8192]} (61... Re7 $11) 62. Nxf3 $18 Rxf3 {[%mdl 4096] Endgame [#] KRR-KRR} 63. e6 $1 {Intending Rc7+ and mate.} Re4 64. Rc7+ Kg8 65. e7 $2 ({White should play} 65. Rd8+ $18 Rf8 66. Rdd7) 65... Kf7 $11 {The position is equal.} 66. Rdd7 Rb3 67. e8=Q+ Kxe8 68. Rg7 {[%cal Rg7g8]} Kd8 69. Rgd7+ Ke8 70. Rg7 {[%cal Rg7g8]} Kd8 71. Rgd7+ {Precision: White = 62%, Black = 61%.} 1/2-1/2

[Event "2nd Irena Warakomska Memorial-A"]
[Site "Suwalki"]
[Date "2018.08.02"]
[Round "2"]
[White "Debarshi, Mukherjee"]
[Black "Kanarek, Marcel"]
[Result "1/2-1/2"]
[WhiteElo "2308"]
[BlackElo "2518"]
[Annotator "TA"]
[PlyCount "47"]
[EventDate "2018.08.01"]
[EventType "swiss"]
[EventCountry "POL"]
[SourceTitle "playchess.com"]
[Source "ChessBase"]
[SourceQuality "1"]

{[%evp 20,47,-6,0,0,-12,-9,-32,-39,-12,-9,-13,-12,-19,-6,-6,0,0,0,0,0,0,0,0,0,0,0,0,0,0]} 1. c4 Nf6 2. g3 g6 3. Bg2 Bg7 4. Nc3 O-O 5. e4 c5 6. Nge2 Nc6 7. O-O d6 8. d3 a6 9. a4 Rb8 10. h3 Ne8 11. Be3 {LiveBook: 270 Games} b5 {A36: Symmetrical English vs ...g6: 4 Bg2 Bg7} (11... e5 12. f4 Nd4 13. Nd5 b5 14. axb5 axb5 15. cxb5 Nc7 16. Nec3 Nxd5 17. Nxd5 exf4 18. Bxf4 Nxb5 19. h4 {0-1 (57) Gabuzyan,H (2570)-Jones,G (2654) Minsk 2017}) 12. cxb5 axb5 13. Nxb5 (13. axb5 {with more complications.} Nd4 14. Ra4 Nxb5 15. Nxb5 Rxb5 16. d4) 13... Nc7 {Black is slightly better.} 14. d4 Nxb5 {The position is equal.} 15. axb5 Rxb5 16. dxc5 $146 ({Predecessor:} 16. e5 Nxd4 17. Bxd4 cxd4 18. Nxd4 Rb6 19. Nc6 Rxc6 20. Bxc6 Bxe5 {½-½ (35) Wong,L (2302)-Civitillo,A (2393) ICCF email 2016}) 16... dxc5 17. Qa4 Qb6 18. Nc3 {[%cal Be2c3,Bc3d5,Bd5b6][%mdl 32]} Ra5 19. Nd5 Rxa4 20. Nxb6 Rxa1 21. Rxa1 Bxb2 22. Ra8 Be6 {Hoping for ...Rxa8.} 23. Rxf8+ Kxf8 24. Bxc5 1/2-1/2

[Event "2nd Irena Warakomska Memorial-A"]
[Site "Suwalki"]
[Date "2018.08.02"]
[Round "2"]
[White "Grebeniuk, Semen"]
[Black "Maj, Pawel"]
[Result "1-0"]
[WhiteElo "2306"]
[BlackElo "1521"]
[Annotator "NA"]
[PlyCount "67"]
[EventDate "2018.08.01"]
[EventType "swiss"]
[EventCountry "POL"]
[SourceTitle "playchess.com"]
[Source "ChessBase"]
[SourceQuality "1"]
[TimeControl "40/5400+30:1800+30"]

1. Nf3 {[%emt 0:00:00]} Nf6 {[%emt 0:00:00]} 2. g3 {[%emt 0:00:00]} g6 {[%emt 0:00:00]} 3. Bg2 {[%emt 0:00:00]} Bg7 {[%emt 0:00:00]} 4. O-O {[%emt 0:00:07]} O-O {[%emt 0:00:00]} 5. d3 {[%emt 0:00:52]} d6 6. e4 {[%emt 0:01:44]} c5 {[%emt 0:02:25]} 7. Nbd2 {[%emt 0:01:16]} Nc6 {[%emt 0:00:08]} 8. c3 {[%emt 0:01:27]} e5 {[%emt 0:01:29]} 9. a3 {[%emt 0:16:13]} d5 {[%emt 0:03:18]} 10. b4 dxe4 {[%emt 0:03:54]} 11. Nxe4 {[%emt 0:01:45]} Nxe4 {[%emt 0:05:22]} 12. dxe4 cxb4 {[%emt 0:03:47]} 13. axb4 {[%emt 0:00:36]} Be6 14. b5 {[%emt 0:07:18]} Nb8 {[%emt 0:04:34]} 15. Ba3 {[%emt 0:06:36]} Qxd1 {[%emt 0:02:16]} 16. Rfxd1 {[%emt 0:00:08]} Rc8 {[%emt 0:00:20]} 17. Ng5 {[%emt 0:13:11]} Bd7 {[%emt 0:05:25]} 18. Bh3 {[%emt 0:05:39]} Bxh3 {[%emt 0:00:35]} 19. Nxh3 Bf8 {[%emt 0:02:02]} 20. f3 {[%emt 0:04:35]} Bxa3 {[%emt 0:01:01]} 21. Rxa3 {[%emt 0:00:01]} Kf8 {[%emt 0:00:24]} 22. Rd5 {[%emt 0:10:20]} f6 {[%emt 0:01:23]} 23. f4 exf4 {[%emt 0:00:45]} 24. Nxf4 {[%emt 0:04:53]} Ke7 {[%emt 0:00:38]} 25. Rd4 {[%emt 0:01:46]} Nd7 {[%emt 0:02:53]} 26. Rda4 {[%emt 0:00:26]} Nc5 27. Rc4 {[%emt 0:06:12]} g5 {[%emt 0:10:15]} 28. Nd5+ {[%emt 0:00:25]} Ke6 {[%emt 0:00:09]} 29. b6 {[%emt 0:01:15]} Kd6 {[%emt 0:13:11]} 30. bxa7 Rc6 {[%emt 0:01:37]} 31. Rb4 {[%emt 0:05:20]} Ke5 32. Nb6 {[%emt 0:00:58]} Rxb6 {[%emt 0:04:41]} 33. Rxb6 {[%emt 0:00:09]} Kxe4 {[%emt 0:00:06]} 34. Ra5 {[%emt 0:00:56]} 1-0

[Event "2nd Irena Warakomska Memorial-A"]
[Site "Suwalki"]
[Date "2018.08.02"]
[Round "2"]
[White "Goluch, Piotr"]
[Black "Fiedorek, Michal"]
[Result "1-0"]
[WhiteElo "2301"]
[BlackElo "1970"]
[Annotator "ChessBase"]
[PlyCount "87"]
[EventDate "2018.08.01"]
[EventType "swiss"]
[EventCountry "POL"]
[SourceTitle "playchess.com"]
[Source "ChessBase"]
[SourceQuality "1"]
[TimeControl "40/5400+30:1800+30"]

1. d4 d5 2. Nf3 Nf6 3. c4 e6 4. Nc3 c5 5. cxd5 Nxd5 6. e3 Nxc3 7. bxc3 Be7 8. Bd3 O-O 9. Qc2 h6 10. Rb1 Qc7 11. O-O Nd7 12. Qe2 b6 13. e4 cxd4 14. cxd4 Bb7 15. Bd2 Rac8 16. Rfc1 Qb8 17. Re1 Rfd8 18. e5 Nf8 19. Be3 Qa8 20. Nd2 Rc3 21. Rb3 Rxb3 22. axb3 f5 23. exf6 Bxf6 24. Qg4 Kh8 25. Ne4 Bxd4 26. Ng5 Bxe3 27. Nf7+ Kg8 28. Nxd8 Bxf2+ 29. Kxf2 Qxd8 30. Bc4 Bd5 31. Qd4 Qg5 32. Bxd5 Qxd5 33. Qxd5 exd5 34. Re7 a6 35. Ke3 b5 36. Kd4 Ng6 37. Ra7 Nf4 38. Rxa6 Ne2+ 39. Kc5 d4 40. Rd6 Nc1 41. b4 d3 42. Kxb5 Kf7 43. Kc4 Ke7 44. Rd4 1-0

[Event "2nd Irena Warakomska Memorial-A"]
[Site "Suwalki"]
[Date "2018.08.02"]
[Round "2"]
[White "Szostko, Jakub"]
[Black "Wacior, Maciej"]
[Result "1/2-1/2"]
[WhiteElo "2299"]
[BlackElo "2081"]
[Annotator "NA"]
[PlyCount "47"]
[EventDate "2018.08.01"]
[EventType "swiss"]
[EventCountry "POL"]
[SourceTitle "playchess.com"]
[Source "ChessBase"]
[SourceQuality "1"]
[TimeControl "40/5400+30:1800+30"]

1. e4 {[%emt 0:00:00]} c6 {[%emt 0:00:00]} 2. d4 {[%emt 0:00:00]} d5 {[%emt 0:00:00]} 3. e5 {[%emt 0:00:00]} c5 {[%emt 0:00:00]} 4. dxc5 {[%emt 0:00:02]} Nc6 {[%emt 0:00:52]} 5. a3 {[%emt 0:00:23]} Nxe5 {[%emt 0:02:22]} 6. b4 {[%emt 0:00:32]} Nf6 {[%emt 0:02:52]} 7. Bb2 {[%emt 0:00:59]} Ng6 {[%emt 0:01:14]} 8. Nf3 {[%emt 0:04:46]} e6 {[%emt 0:02:47]} 9. g3 {[%emt 0:06:10]} Be7 {[%emt 0:01:07]} 10. h4 {[%emt 0:01:34]} h5 {[%emt 0:03:13]} 11. Be2 {[%emt 0:05:09]} Qc7 {[%emt 0:01:35]} 12. Nc3 {[%emt 0:09:14]} Bd7 {[%emt 0:00:52]} 13. Nb5 {[%emt 0:04:27]} Qb8 {[%emt 0:00:50]} 14. Bd3 {[%emt 0:10:28]} a6 {[%emt 0:00:57]} 15. Bxg6 {[%emt 0:01:31]} Bxb5 {[%emt 0:02:41]} 16. Bd3 {[%emt 0:00:56]} b6 {[%emt 0:04:09]} 17. Bxb5+ {[%emt 0:06:09]} axb5 {[%emt 0:00:01]} 18. c6 {[%emt 0:01:31]} Qc7 {[%emt 0:02:43]} 19. Qe2 {[%emt 0:01:39]} Qxc6 {[%emt 0:00:17]} 20. Ne5 {[%emt 0:00:33]} Qc7 {[%emt 0:00:27]} 21. Qxb5+ {[%emt 0:01:24]} Kf8 {[%emt 0:01:01]} 22. Qc6 {[%emt 0:12:58]} Qxc6 {[%emt 0:01:48]} 23. Nxc6 {[%emt 0:00:05]} Rc8 {[%emt 0:00:01]} 24. Nxe7 {[%emt 0:02:57]} 1/2-1/2